000 00796nas a2200277 4500
001 BR0001024
003 BR-BrBNA
005 20231205101711.0
007 ta
008 230509b bl.|||p| |||| 00| 00por d
040 _aBR-BrBNA
_bpor
_cBiblioteca Nacional de Agricultura
041 _a(Pt)
072 _aF06
100 1 _aDantas Neto, J.
100 1 _aAzevedo, H.M. de
100 1 _aAzevedo, C.A.V. de
100 1 _aGuerra, H.O.C.
245 1 _aFuncoes de resposta do capim Buffel ao uso da agua e epoca de corte
650 _aCapim Buffel
650 _aIrrigacao
650 _aResposta da Planta
650 _aRendimento
773 0 _tIrriga (Brazil)
_xISSN 1413-7895
_g(1999), v. 4(3) p. 158-167
_wBR0001024
909 _a202311
_bLúcia
_c55
_dLúcia Elande
942 _2AGRIS
_n0
_cANA
999 _c163353
_d163353